000 01949nam1a2200349 4500
001 RU\NLR\BIBL_A\022660547
005 20251123120859.0
010 _a978-5-00229-035-2
_9100
035 _a(NLR Aleph) 022660547
090 _a13466602
_c13466602
100 _a20251106d2023 k y0rusy50 ca
101 0 _arus
102 _aRU
105 _a z
181 0 _ai4
_baxxe
182 0 _an
200 1 _aИстория государства и права зарубежных стран
_eхрестоматия
_eдля курсантов и слушателей юридического факультета, слушателей факультета заочного обучения Воронежского института МВД
_eв 3 т.
_fВоронежский интитут МВД России
_gсоставители: А. В. Кирнос [и др.]
203 _aТекст
_bвизуальный
_cнепосредственный
210 _aВоронеж
_cВоронежский институт МВД России
_d2023
215 _d20
320 _aБиблиогр. в подстроч. примеч. и в тексте
606 1 _aГосударство
_jХрестоматии для высших учебных заведений
_xИстория
_yЗарубежные страны
_9888828
_3RU\NLR\AUTH\66321147
606 1 _aПраво
_jХрестоматии для высших учебных заведений
_xИстория
_yЗарубежные страны
_92087353
_3RU\NLR\AUTH\661263516
686 1 _aХ2(0)я73-3
702 1 _4220
_aКирнос
_bА. В.
_f1966-
_gАндрей Викторович
_9169503
_3RU\NLR\AUTH\770169553
712 0 2 _4475
_aВоронежский институт МВД России
_9828387
_3RU\NLR\AUTH\880581353
852 _aNLR
_j2025-3/23823
942 _cBOOK
980 _aNB